| 000 | 00687nam a2200193 a 4500 | ||
|---|---|---|---|
| 001 | 000030931 | ||
| 005 | 20200930062609.0 | ||
| 008 | 110607s1947 fr 000 0 spa d | ||
| 040 |
_aDO-SdBNP _bspa _cBNPHU |
||
| 082 |
_axxx _bS211d |
||
| 100 | 1 |
_aSánchez y Sánchez, Carlos _945361 |
|
| 245 | 1 | 3 |
_aLa doctrine de Trujillo : _bSur la reconnaissance des gouvernements et la rupture des relations diplomatiques. |
| 260 |
_aParís : _bMaurice d' Hartoy, _c1947. |
||
| 300 |
_a40 p. ; _c25 cm. |
||
| 490 | 1 | _aLes próblemes contemporains | |
| 500 | _aL' intervention á distance violation de la solidarité continentale | ||
| 830 | 0 |
_aLes problémes contemporains _957447 |
|
| 049 | _aBNPD | ||
| 999 |
_c30423 _d30423 |
||